|
|
|
|
| LEADER |
00653cam a2200193 7i4500 |
| 001 |
0000016468 |
| 005 |
20120903090000.0 |
| 020 |
|
|
|a 9780256035759
|
| 020 |
|
|
|a 025603575X (hbk.)
|
| 090 |
0 |
0 |
|a HF5679
|b .B66 1991
|
| 100 |
1 |
|
|a Boockholdt, J. L
|
| 245 |
1 |
0 |
|a Accounting information systems :
|b transaction processing and controls
|c J. L. Boockholdt, David H. Li.
|
| 250 |
|
|
|a Rev. ed.
|
| 260 |
|
|
|a Homewood, IL:
|b Irwin,
|c 1991.
|
| 300 |
|
|
|a xxiv, 824 p.:
|b ill.;
|c 25 cm.
|
| 650 |
0 |
0 |
|a Accounting --
|x Data processing
|
| 650 |
0 |
0 |
|a Transaction systems (Computer systems)
|
| 700 |
1 |
|
|a Li, David H
|
| 999 |
|
|
|a 0000023047
|b BOK
|c OPEN SHELF
|e 1st Floor, Shah Alam
|